000 00294nam a22001217a 4500
008 260424b |||||||| |||| 00| 0 eng d
082 _a001335
100 _aSharma, Vishwanath
245 _aHitopadesha Mitralabha
260 _aDelhi
_bMotilal Banarasidass
_c2015
300 _a150p
942 _2ddc
999 _c1323
_d1323